[Event "GER Cup Net Final-C U1600"]
[Site "Playchess.com INT"]
[Date "2020.06.06"]
[Round "7"]
[White "Vollenberg, Joerg"]
[Black "Kausche, Andre"]
[Result "0-1"]
[WhiteElo "1670"]
[BlackElo "1577"]
[PlyCount "26"]
[EventDate "2020.06.06"]
[EventType "swiss (blitz)"]
[EventRounds "13"]
[EventCountry "GER"]
[SourceTitle "CBM 197 Extra"]
[Source "ChessBase"]
[SourceDate "2020.09.30"]
[SourceVersion "1"]
[SourceVersionDate "2020.09.30"]
[SourceQuality "1"]

1. d4 d5 2. Bf4 Nf6 3. Nc3 c6 4. Nf3 Bf5 5. e3 h6 6. Ne2 e6 7. Ng3 Bh7 8. c4 Bd6 9. Ne5 dxc4 10. Bxc4 0-0 11. Bd3 Bxd3 12. Qxd3 Qa5+ 13. Qc3 Bb4 0-1

[Event "GER Cup Net V4 U1600"]
[Site "Playchess.com INT"]
[Date "2020.05.31"]
[Round "2"]
[White "Karpe, Sebastian"]
[Black "Vollenberg, Joerg"]
[Result "0-1"]
[WhiteElo "1355"]
[BlackElo "1687"]
[PlyCount "90"]
[EventDate "2020.05.31"]
[EventType "swiss (blitz)"]
[EventRounds "9"]
[EventCountry "GER"]
[SourceTitle "EXT 2021"]
[Source "ChessBase"]
[SourceDate "2020.10.23"]
[SourceVersion "1"]
[SourceVersionDate "2020.10.23"]
[SourceQuality "1"]

1. d4 d5 2. c4 e6 3. Nc3 Nf6 4. cxd5 Nxd5 5. e4 Nxc3 6. bxc3 Bd7 7. Nf3 Nc6 8. Be2 Ne7 9. 0-0 Ng6 10. h3 c6 11. Bf4 Be7 12. Bh2 Bg5 13. Qc2 0-0 14. Bd3 Nf4 15. Bxf4 Bxf4 16. g3 Bh6 17. e5 g6 18. Kh2 Bg7 19. Rae1 Rc8 20. Re4 Qa5 21. Rg4 c5 22. Qd2 Bc6 23. c4 Qc7 24. h4 Bxf3 25. Rf4 Bc6 26. h5 Qe7 27. Rh4 cxd4 28. h6 Bxe5 29. Qe2 Bf6 30. Rg4 Bg5 31. Qe5 Bxh6 32. Rh4 Bg7 33. Qf4 Qf6 34. Qg4 Bf3 35. Qh3 Rc5 36. Rxh7 Rh5 37. Rxh5 Bxh5 38. Rg1 g5 39. Re1 Bg6 40. Be2 d3 41. Bg4 d2 42. Rd1 Qxf2+ 43. Qg2 Qxg2+ 44. Kxg2 Bc3 45. Kf2 Bc2 0-1

[Event "GER Cup Net V4 U1600"]
[Site "Playchess.com INT"]
[Date "2020.05.31"]
[Round "8"]
[White "Segermann, Nils"]
[Black "Vollenberg, Joerg"]
[Result "1-0"]
[WhiteElo "1692"]
[BlackElo "1687"]
[PlyCount "77"]
[EventDate "2020.05.31"]
[EventType "swiss (blitz)"]
[EventRounds "9"]
[EventCountry "GER"]
[SourceTitle "EXT 2021"]
[Source "ChessBase"]
[SourceDate "2020.10.23"]
[SourceVersion "1"]
[SourceVersionDate "2020.10.23"]
[SourceQuality "1"]

1. e4 e5 2. Bc4 Bc5 3. Qh5 Qf6 4. Nf3 d6 5. Nc3 Be6 6. Bxe6 Qxe6 7. Nd5 Qd7 8. Qg5 f6 9. Qg3 c6 10. Nc3 Ne7 11. d3 Ng6 12. Nh4 Qf7 13. Nxg6 hxg6 14. Be3 Bb4 15. Bd2 Bc5 16. Na4 Bb6 17. Nxb6 axb6 18. a3 Nd7 19. Qe3 c5 20. f4 Rh4 21. fxe5 Nxe5 22. Qg3 Rg4 23. Qf2 g5 24. h3 Rh4 25. Bc3 Qe6 26. Bxe5 Qxe5 27. c3 c4 28. 0-0-0 0-0-0 29. Qxb6 cxd3 30. Rxd3 Rxe4 31. Rhd1 Re1 32. Qb3 Rd7 33. Rd5 Qe3+ 34. Kb1 Qe4+ 35. Ka2 Rxd1 36. Rxd1 d5 37. Rd4 Qe5 38. Qa4 Kb8 39. Qxd7 1-0

[Event "GER Cup Net V4 U1600"]
[Site "Playchess.com INT"]
[Date "2020.05.31"]
[Round "7"]
[White "Siemianowski, Regina"]
[Black "Vollenberg, Joerg"]
[Result "0-1"]
[WhiteElo "1477"]
[BlackElo "1687"]
[PlyCount "132"]
[EventDate "2020.05.31"]
[EventType "swiss (blitz)"]
[EventRounds "9"]
[EventCountry "GER"]
[SourceTitle "EXT 2021"]
[Source "ChessBase"]
[SourceDate "2020.10.23"]
[SourceVersion "1"]
[SourceVersionDate "2020.10.23"]
[SourceQuality "1"]

1. e4 b6 2. d4 Bb7 3. Nc3 e6 4. Bd3 Nf6 5. Be3 Be7 6. Nge2 d6 7. f3 0-0 8. Qd2 Nbd7 9. 0-0-0 a5 10. g4 Re8 11. g5 Nh5 12. h4 g6 13. Nf4 Ng7 14. Rdg1 Nf8 15. h5 Bxg5 16. hxg6 fxg6 17. Qh2 Bc8 18. Nd1 e5 19. Nd5 Bxe3+ 20. N5xe3 Qf6 21. Ng4 Bxg4 22. dxe5 Rxe5 23. fxg4 Rae8 24. Nc3 c6 25. Rf1 Qg5+ 26. Kb1 Qxg4 27. Rxf8+ Rxf8 28. Qxh7+ Kf7 29. Rf1+ Ke8 30. Qxg7 Rxf1+ 31. Bxf1 Qg1 32. Qf6 Re7 33. a3 Rf7 34. Qh8+ Ke7 35. Qh3 Rxf1+ 36. Ka2 b5 37. Qc8 Ra1+ 38. Kb3 a4+ 39. Kb4 Qc5+ 40. Ka5 Qa7+ 41. Qa6 Qxa6+ 42. Kxa6 g5 43. Kb6 Kd7 44. Ne2 g4 45. Nf4 Rf1 46. Ne2 Rf2 47. Ng3 Rxc2 48. b4 Rc3 49. Ka5 Rxg3 50. Kb6 Rxa3 51. e5 dxe5 52. Kb7 e4 53. Kb6 e3 54. Kb7 e2 55. Kb8 e1Q 56. Kb7 g3 57. Kb8 g2 58. Ka7 g1Q+ 59. Kb7 Qgg3 60. Ka8 Qg8+ 61. Kb7 Qc8+ 62. Ka7 Qe5 63. Kb6 Qeb8+ 64. Ka5 Qa8+ 65. Kb6 Qcb8+ 66. Kc5 Qaa7# 0-1

[Event "GER Cup Net V4 U1600"]
[Site "Playchess.com INT"]
[Date "2020.05.31"]
[Round "6"]
[White "Vollenberg, Joerg"]
[Black "Espig, Nils"]
[Result "1/2-1/2"]
[WhiteElo "1687"]
[BlackElo "1622"]
[PlyCount "147"]
[EventDate "2020.05.31"]
[EventType "swiss (blitz)"]
[EventRounds "9"]
[EventCountry "GER"]
[SourceTitle "EXT 2021"]
[Source "ChessBase"]
[SourceDate "2020.10.23"]
[SourceVersion "1"]
[SourceVersionDate "2020.10.23"]
[SourceQuality "1"]

1. d4 d5 2. Bf4 Nc6 3. e3 g6 4. Nc3 Nf6 5. Nb5 e5 6. dxe5 Nh5 7. Nf3 a6 8. Nbd4 Bg7 9. Nxc6 bxc6 10. Be2 Qe7 11. 0-0 Qb4 12. Qd4 Qxd4 13. Nxd4 c5 14. Nb3 c4 15. Nd4 Nxf4 16. exf4 f6 17. exf6 Bxf6 18. c3 0-0 19. Bf3 Bb7 20. Ne6 Rfc8 21. Bg4 h5 22. Bh3 c6 23. Rfe1 Re8 24. Red1 Re7 25. Re1 Rae8 26. Kf1 Kf7 27. Nc5 Bc8 28. Bxc8 Rxc8 29. Rxe7+ Bxe7 30. Nxa6 Ra8 31. Nb4 Bxb4 32. cxb4 Rb8 33. a3 c5 34. Re1 cxb4 35. axb4 Rxb4 36. Re2 d4 37. Ke1 d3 38. Rd2 Kf6 39. f3 Kf5 40. Kf2 Kxf4 41. g3+ Kf5 42. Ke3 Ke5 43. f4+ Kd5 44. h3 Rb8 45. g4 Re8+ 46. Kf3 hxg4+ 47. hxg4 Re4 48. Kg3 Re2 49. Rxe2 dxe2 50. Kf2 Ke4 51. Kxe2 Kxf4 52. Kd2 Kxg4 53. Kc3 Kf3 54. Kxc4 g5 55. b4 g4 56. b5 g3 57. b6 g2 58. b7 g1Q 59. b8Q Qf1+ 60. Kc3 Qc1+ 61. Kd4 Qg1+ 62. Kd5 Qd1+ 63. Kc4 Qc1+ 64. Kd4 Qe3+ 65. Kd5 Qe4+ 66. Kc5 Qf5+ 67. Kc4 Qg4+ 68. Kc3 Qg7+ 69. Kc2 Qg2+ 70. Kc1 Qf1+ 71. Kc2 Qe2+ 72. Kc1 Qc4+ 73. Kb2 Qd4+ 74. Kc2 1/2-1/2

[Event "GER Cup Net V4 U1600"]
[Site "Playchess.com INT"]
[Date "2020.05.31"]
[Round "3"]
[White "Vollenberg, Joerg"]
[Black "Hellmich, Michael"]
[Result "0-1"]
[WhiteElo "1687"]
[BlackElo "1382"]
[PlyCount "48"]
[EventDate "2020.05.31"]
[EventType "swiss (blitz)"]
[EventRounds "9"]
[EventCountry "GER"]
[SourceTitle "EXT 2021"]
[Source "ChessBase"]
[SourceDate "2020.10.23"]
[SourceVersion "1"]
[SourceVersionDate "2020.10.23"]
[SourceQuality "1"]

1. d4 d5 2. Bf4 e6 3. a3 f5 4. Nc3 Nf6 5. e3 c6 6. Nf3 Be7 7. Be2 0-0 8. Ne5 Nbd7 9. Bh5 Nxh5 10. Qxh5 Nf6 11. Qh3 Ne4 12. Nf3 Bd7 13. Nd2 Be8 14. Qf3 Bg5 15. g3 Qe7 16. h4 Bf6 17. g4 Qf7 18. Ncxe4 fxe4 19. Qxe4 dxe4 20. Nxe4 e5 21. dxe5 Bxe5 22. Bxe5 Qd5 23. Bxg7 Kxg7 24. Nc3 Qxh1+ 0-1

[Event "GER Cup Net V3 U1600"]
[Site "Playchess.com INT"]
[Date "2020.05.27"]
[Round "7"]
[White "Hoke, Joshua Sky"]
[Black "Vollenberg, Joerg"]
[Result "1/2-1/2"]
[WhiteElo "1623"]
[BlackElo "1695"]
[PlyCount "132"]
[EventDate "2020.05.27"]
[EventType "swiss (blitz)"]
[EventRounds "9"]
[EventCountry "GER"]
[SourceTitle "EXT 2021"]
[Source "ChessBase"]
[SourceDate "2020.10.23"]
[SourceVersion "1"]
[SourceVersionDate "2020.10.23"]
[SourceQuality "1"]

1. e4 b6 2. d4 Bb7 3. Nc3 e6 4. a3 d6 5. Nf3 Nd7 6. Bd3 Ngf6 7. 0-0 Be7 8. Bf4 0-0 9. Re1 Nh5 10. Bd2 Nhf6 11. Qe2 e5 12. dxe5 Nxe5 13. Nxe5 dxe5 14. Rad1 Bd6 15. Ba6 Bc6 16. Bb5 Bb7 17. Bg5 Qe7 18. Qc4 c6 19. Bxc6 Rac8 20. Nd5 Qd8 21. Bxf6 gxf6 22. Qd3 Bxc6 23. Qg3+ Kh8 24. Nb4 Qe7 25. Nxc6 Rxc6 26. c3 Rg8 27. Qf3 Rg6 28. Rd3 Qf8 29. Red1 Bc7 30. Rd7 Qc5 31. Rd8+ Kg7 32. R8d7 Rd6 33. R7xd6 Bxd6 34. Rd5 Qc6 35. g3 Bc5 36. Qd3 Kh6 37. Qd2+ Kg7 38. Rd7 Qe6 39. Rd5 Qg4 40. b4 Qe6 41. bxc5 Qg4 42. cxb6 Qxe4 43. Qd3 Qe1+ 44. Kg2 axb6 45. Qd2 Qb1 46. c4 e4 47. Rd4 Rg5 48. Qe3 Re5 49. Rd5 Re6 50. Rd4 Qc2 51. Qd2 Qb1 52. Qd1 Qb2 53. Qg4+ Kf8 54. Rd8+ Ke7 55. Rb8 Qxa3 56. Qf4 Qd3 57. Qe3 Qxc4 58. Rxb6 Rxb6 59. Qxb6 e3 60. Qb7+ Kf8 61. Qb8+ Kg7 62. fxe3 Qe2+ 63. Kh3 Qh5+ 64. Kg2 Qe2+ 65. Kh3 Qh5+ 66. Kg2 Qe2+ 1/2-1/2

[Event "GER Cup Net V3 U1600"]
[Site "Playchess.com INT"]
[Date "2020.05.27"]
[Round "8"]
[White "Vollenberg, Joerg"]
[Black "Birk, Wilfried Christoph"]
[Result "1-0"]
[WhiteElo "1695"]
[BlackElo "1436"]
[PlyCount "55"]
[EventDate "2020.05.27"]
[EventType "swiss (blitz)"]
[EventRounds "9"]
[EventCountry "GER"]
[SourceTitle "EXT 2021"]
[Source "ChessBase"]
[SourceDate "2020.10.23"]
[SourceVersion "1"]
[SourceVersionDate "2020.10.23"]
[SourceQuality "1"]

1. d4 d5 2. Bf4 Nf6 3. Nc3 e6 4. a3 Bd6 5. Bg5 Nbd7 6. Nb5 Be7 7. Bf4 Bd6 8. Bxd6 cxd6 9. Nxd6+ Ke7 10. Nxc8+ Rxc8 11. c3 b6 12. e3 Ne4 13. Bd3 f5 14. Qh5 g6 15. Qh4+ Ke8 16. Qxd8+ Rxd8 17. f3 Nef6 18. Ne2 h5 19. Nf4 Nf8 20. Bb5+ Ke7 21. Rc1 g5 22. Nd3 Ra8 23. Ne5 a6 24. Bc6 Rc8 25. Bb7 Rc7 26. Bxa6 Kd6 27. Bb5 N8d7 28. Nf7+ 1-0

[Event "GER Cup Net V2 U1600"]
[Site "Playchess.com INT"]
[Date "2020.05.22"]
[Round "3"]
[White "Fock, Madiha"]
[Black "Vollenberg, Joerg"]
[Result "0-1"]
[WhiteElo "1662"]
[BlackElo "1601"]
[PlyCount "124"]
[EventDate "2020.05.22"]
[EventType "swiss (blitz)"]
[EventRounds "9"]
[EventCountry "GER"]
[SourceTitle "EXT 2021"]
[Source "ChessBase"]
[SourceDate "2020.10.23"]
[SourceVersion "1"]
[SourceVersionDate "2020.10.23"]
[SourceQuality "1"]

1. e4 b6 2. d4 Bb7 3. Nc3 e6 4. Be3 Bb4 5. Nge2 Nf6 6. f3 Be7 7. Ng3 d6 8. Bd3 Nbd7 9. 0-0 Nf8 10. Qe2 Ng6 11. Qf2 Rc8 12. Nb5 a6 13. Na3 0-0 14. c4 c5 15. d5 exd5 16. exd5 Nd7 17. b3 Nde5 18. Be4 Ba8 19. Nb1 Bf6 20. Nc3 Nxc4 21. Rac1 Nce5 22. f4 Ng4 23. Qf3 Nxe3 24. Qxe3 Re8 25. Qf3 Nh4 26. Qd3 Ng6 27. Qxa6 Bd4+ 28. Kh1 Be3 29. Rce1 Bxf4 30. Nh5 Be5 31. Na4 Qh4 32. h3 Qxh5 33. Nxb6 Rb8 34. Nd7 Bb7 35. Qc4 Qh4 36. Nxe5 Rxe5 37. Bxg6 Rxe1 38. Bxf7+ Kh8 39. Qxh4 Rxf1+ 40. Kh2 Rxf7 41. Qh5 Rbf8 42. Qg4 Bxd5 43. Qg5 Be4 44. a4 Rf2 45. a5 Rxg2+ 46. Qxg2 Bxg2 47. Kxg2 Ra8 48. Kf1 Rxa5 49. Ke2 Rb5 50. Kd3 Rxb3+ 51. Kc4 Rxh3 52. Kd5 Rh4 53. Kxd6 c4 54. Ke7 c3 55. Kf8 c2 56. Kf7 c1Q 57. Kf8 Qf4+ 58. Ke7 Qe5+ 59. Kd7 Rd4+ 60. Kc6 Rd6+ 61. Kb7 Qe7+ 62. Kb8 Rd8# 0-1

[Event "GER Cup Net V1 U1600"]
[Site "Playchess.com INT"]
[Date "2020.05.19"]
[Round "6"]
[White "Vollenberg, Joerg"]
[Black "Fleischmann, Theo"]
[Result "1-0"]
[WhiteElo "1608"]
[BlackElo "1550"]
[PlyCount "173"]
[EventDate "2020.05.19"]
[EventType "swiss (blitz)"]
[EventRounds "9"]
[EventCountry "GER"]
[SourceTitle "EXT 2021"]
[Source "ChessBase"]
[SourceDate "2020.10.23"]
[SourceVersion "1"]
[SourceVersionDate "2020.10.23"]
[SourceQuality "1"]

1. e4 c6 2. Nf3 d5 3. e5 Bg4 4. d4 e6 5. Be2 Bxf3 6. Bxf3 c5 7. Be3 cxd4 8. Bxd4 Nc6 9. c3 Nxd4 10. cxd4 Bb4+ 11. Nd2 Ne7 12. a3 Ba5 13. 0-0 0-0 14. b4 Bb6 15. Nb3 Nc6 16. Nc5 Bxc5 17. bxc5 Qh4 18. Bg4 Rac8 19. g3 Qd8 20. Rb1 b6 21. Be2 bxc5 22. dxc5 Nxe5 23. Qd4 Nc6 24. Qa4 e5 25. Bb5 Qf6 26. Rfd1 d4 27. Bc4 Rfd8 28. Qa6 e4 29. Rb7 Rf8 30. Bd5 Nd8 31. Rb4 Qxa6 32. Rbxd4 Qxa3 33. Bxe4 Rxc5 34. Rxd8 Rc8 35. R8d3 Qb4 36. Rd4 Qe7 37. Bg2 a5 38. Ra4 Qc5 39. Rda1 Rfd8 40. Rxa5 Qc3 41. R5a3 Qc4 42. Ra4 Qe2 43. R4a2 Qe7 44. Ra7 Qf6 45. R7a6 Qe7 46. Ra7 Qe5 47. R7a5 Qd4 48. R5a4 Qd3 49. R4a3 Qg6 50. Ra6 Rd6 51. R6a4 h6 52. Rf4 Rc2 53. Be4 Qe6 54. Bxc2 Qd7 55. Ra8+ Qd8 56. Rxd8+ Rxd8 57. Bb3 Rf8 58. Kg2 g6 59. Kf3 Kg7 60. Kg4 f5+ 61. Kf3 g5 62. Rd4 Kg6 63. Rd6+ Kh5 64. h3 g4+ 65. hxg4+ fxg4+ 66. Kg2 Kg5 67. Rd5+ Kf6 68. Rd4 Kg5 69. Bd1 h5 70. Rd5+ Kh6 71. Bc2 Rf6 72. Be4 Re6 73. f3 gxf3+ 74. Kxf3 Rf6+ 75. Kg2 Re6 76. Bf3 Rb6 77. Rxh5+ Kg6 78. g4 Rb2+ 79. Kg3 Rb1 80. Be4+ Kf6 81. Bxb1 Kg7 82. Bc2 Kf6 83. Kf4 Kg7 84. Kf5 Kg8 85. Rh6 Kg7 86. Rb6 Kg8 87. Kf6 1-0

[Event "GER Cup Net V1 U1600"]
[Site "Playchess.com INT"]
[Date "2020.05.19"]
[Round "3"]
[White "Vollenberg, Joerg"]
[Black "Hausmann, Heiko"]
[Result "1/2-1/2"]
[WhiteElo "1608"]
[BlackElo "1497"]
[PlyCount "128"]
[EventDate "2020.05.19"]
[EventType "swiss (blitz)"]
[EventRounds "9"]
[EventCountry "GER"]
[SourceTitle "EXT 2021"]
[Source "ChessBase"]
[SourceDate "2020.10.23"]
[SourceVersion "1"]
[SourceVersionDate "2020.10.23"]
[SourceQuality "1"]

1. e4 d5 2. exd5 Qxd5 3. Nc3 Qa5 4. d3 c6 5. Bd2 Qc7 6. h3 Nf6 7. Be2 Bf5 8. Nf3 h6 9. 0-0 e6 10. Nh4 Bh7 11. Nf3 Bd6 12. Re1 Nbd7 13. Bf1 0-0 14. Ne4 Nxe4 15. dxe4 Rfe8 16. e5 Nxe5 17. Nxe5 Bxe5 18. c3 Bf6 19. Qf3 Qe7 20. Qg4 Bg6 21. f4 Qc5+ 22. Be3 Qf5 23. Qf3 Qd5 24. Qg3 Rad8 25. Bxa7 Bd3 26. Bd4 Bxd4+ 27. cxd4 Qxd4+ 28. Kh1 Bxf1 29. Rxf1 Qxb2 30. Rab1 Qxa2 31. Rxb7 Qa6 32. Rbb1 Qd3 33. Qf2 Rd5 34. Rbd1 Qc4 35. Rc1 Qb5 36. Rb1 Qa5 37. Ra1 Qd8 38. Qc2 Qd6 39. Ra6 Rc8 40. Rc1 Qxf4 41. Rxc6 Rxc6 42. Qxc6 Rd2 43. Qa8+ Kh7 44. Rg1 Rf2 45. Qb7 Rf1 46. Qb2 Rxg1+ 47. Kxg1 Qe3+ 48. Kf1 e5 49. Qc2+ g6 50. Qc7 Qf4+ 51. Ke2 h5 52. Qe7 e4 53. Qe8 Qf5 54. Ke3 g5 55. Qxe4 Qxe4+ 56. Kxe4 f6 57. Kf5 Kg7 58. g3 h4 59. g4 Kf7 60. Ke4 Ke6 61. Kd4 Kd6 62. Ke4 Ke6 63. Kd4 Kd6 64. Ke4 Ke6 1/2-1/2

[Event "GER Cup Net V1 U1600"]
[Site "Playchess.com INT"]
[Date "2020.05.19"]
[Round "7"]
[White "Vollenberg, Joerg"]
[Black "Kuever, Bastian"]
[Result "0-1"]
[WhiteElo "1608"]
[BlackElo "1625"]
[PlyCount "144"]
[EventDate "2020.05.19"]
[EventType "swiss (blitz)"]
[EventRounds "9"]
[EventCountry "GER"]
[SourceTitle "EXT 2021"]
[Source "ChessBase"]
[SourceDate "2020.10.23"]
[SourceVersion "1"]
[SourceVersionDate "2020.10.23"]
[SourceQuality "1"]

1. e4 e6 2. Nf3 d5 3. exd5 exd5 4. d4 Nf6 5. h3 Be6 6. Nc3 Bb4 7. Bd2 Qe7 8. a3 Bd6 9. Be2 Nc6 10. 0-0 h6 11. Re1 0-0-0 12. Bb5 Qd7 13. b4 a6 14. Ba4 b5 15. Bxb5 axb5 16. Nxb5 Ne4 17. Be3 Be7 18. Qe2 g5 19. Na7+ Nxa7 20. Qa6+ Kb8 21. Ne5 Qd6 22. Qd3 f6 23. Nf3 Bf5 24. Qb3 g4 25. hxg4 Bxg4 26. Nh2 h5 27. f3 Bxf3 28. gxf3 Qg3+ 29. Kh1 Bd6 30. Re2 Ng5 31. Rg1 Qh3 32. Bxg5 fxg5 33. Qxd5 g4 34. fxg4 hxg4 35. Qg2 Qxg2+ 36. Rexg2 g3 37. Rxg3 Bxg3 38. Rxg3 Rde8 39. Kg2 Reg8 40. Rxg8+ Rxg8+ 41. Kf3 Nb5 42. a4 Nxd4+ 43. Ke4 Nxc2 44. b5 Nb4 45. Nf3 Kb7 46. Kd4 Rg4+ 47. Kc5 Nd3+ 48. Kd5 Rxa4 49. Nd4 Nf4+ 50. Kc5 Nd3+ 51. Kd5 Nb2 52. Kc5 Rxd4 53. Kxd4 Kb6 54. Kc3 Na4+ 55. Kb4 Nc5 56. Kc4 Ne6 57. Kb4 Nf4 58. Kc4 Ne6 59. Kb4 Kb7 60. Kc4 Ka7 61. Kb4 Kb6 62. Kc4 Ka5 63. Kd5 Kxb5 64. Kxe6 Kc4 65. Ke5 c5 66. Ke4 Kc3 67. Ke3 Kc2 68. Ke2 c4 69. Ke1 c3 70. Ke2 Kb2 71. Kd1 Kb1 72. Ke2 c2 0-1

[Event "GER-ch Net Amateur Gr-C Final"]
[Site "Playchess.com INT"]
[Date "2020.04.18"]
[Round "7"]
[White "Fernandez, Thomas"]
[Black "Vollenberg, Joerg"]
[Result "0-1"]
[WhiteElo "1515"]
[BlackElo "1670"]
[PlyCount "94"]
[EventDate "2020.04.18"]
[EventType "swiss (blitz)"]
[EventRounds "13"]
[EventCountry "GER"]
[SourceTitle "CBM 195 Extra"]
[Source "ChessBase"]
[SourceDate "2020.05.31"]
[SourceVersion "1"]
[SourceVersionDate "2020.05.31"]
[SourceQuality "1"]

1. e4 b6 2. Nf3 Bb7 3. Nc3 e6 4. d4 Bb4 5. Bd3 Nf6 6. e5 Nd5 7. Bd2 Nxc3 8. Bxc3 Bxc3+ 9. bxc3 d6 10. 0-0 Qe7 11. Re1 Nd7 12. c4 0-0-0 13. Qe2 d5 14. cxd5 Bxd5 15. c4 Bb7 16. Rab1 Rhe8 17. Be4 c6 18. a4 h6 19. Qb2 c5 20. dxc5 Nxc5 21. Bxb7+ Nxb7 22. Nd4 Qc5 23. Nb5 Kb8 24. Qb3 Na5 25. Qc3 Re7 26. g3 Rc8 27. Re4 Nxc4 28. Rc1 a6 29. Rxc4 Qxc4 30. Qxc4 Rxc4 31. Rxc4 axb5 32. axb5 Rd7 33. Rc6 Kb7 34. f4 Rd5 35. Kf2 Rxb5 36. Rd6 Kc7 37. Kf3 Rd5 38. Rxd5 exd5 39. Ke3 Kc6 40. Kd4 b5 41. f5 b4 42. g4 g6 43. f6 Kd7 44. Kxd5 b3 45. h4 b2 46. h5 g5 47. e6+ fxe6+ 0-1

[Event "GER-ch Net Amateur Gr-C Final"]
[Site "Playchess.com INT"]
[Date "2020.04.18"]
[Round "4"]
[White "Reich, Elisabeth"]
[Black "Vollenberg, Joerg"]
[Result "0-1"]
[WhiteElo "1595"]
[BlackElo "1670"]
[PlyCount "94"]
[EventDate "2020.04.18"]
[EventType "swiss (blitz)"]
[EventRounds "13"]
[EventCountry "GER"]
[SourceTitle "CBM 195 Extra"]
[Source "ChessBase"]
[SourceDate "2020.05.31"]
[SourceVersion "1"]
[SourceVersionDate "2020.05.31"]
[SourceQuality "1"]

1. e4 b6 2. d4 Bb7 3. Nc3 e6 4. Nf3 Bb4 5. Bd3 Nf6 6. e5 Nd5 7. Bd2 Nxc3 8. bxc3 Be7 9. 0-0 d6 10. c4 Nd7 11. exd6 cxd6 12. c3 Rc8 13. Qc2 Bxf3 14. gxf3 Bg5 15. Bxg5 Qxg5+ 16. Kh1 Qf4 17. Be4 f5 18. Bb7 Rc7 19. Ba8 Ke7 20. Be4 fxe4 21. Qxe4 Qxe4 22. fxe4 Rxc4 23. Rg1 g6 24. Rac1 Rhc8 25. Rg3 Nf6 26. e5 dxe5 27. dxe5 Ne4 28. Re3 Nxf2+ 29. Kg1 Ne4 30. Rh3 h5 31. Re3 Nxc3 32. Rce1 Rg4+ 33. Kh1 Rcc4 34. Rc1 Nxa2 35. Ra1 Rc2 36. Ra3 Rgg2 37. Rxa7+ Ke8 38. Ra8+ Kf7 39. Rf1+ Kg7 40. Ra7+ Kh6 41. Rf8 Rxh2+ 42. Kg1 Rcg2+ 43. Kf1 Nc3 44. Rh8+ Kg5 45. Rc7 Ne4 46. Rd7 Ng3+ 47. Ke1 Rh1# 0-1

[Event "GER-ch Net Amateur Gr-C Vor2"]
[Site "Playchess.com INT"]
[Date "2020.04.15"]
[Round "7"]
[White "Pflugbeil, Julian"]
[Black "Vollenberg, Joerg"]
[Result "0-1"]
[WhiteElo "1587"]
[BlackElo "1706"]
[PlyCount "72"]
[EventDate "2020.04.15"]
[EventType "swiss (blitz)"]
[EventRounds "9"]
[EventCountry "GER"]
[SourceTitle "CBM 196 Extra"]
[Source "ChessBase"]
[SourceDate "2020.07.31"]
[SourceVersion "1"]
[SourceVersionDate "2020.07.31"]
[SourceQuality "1"]

1. e4 b6 2. d4 Bb7 3. Nc3 e6 4. Bf4 Bb4 5. Qd2 Bxe4 6. a3 Bxc3 7. Qxc3 Bc6 8. Nf3 d6 9. 0-0-0 Qd7 10. Be2 Ne7 11. Qd3 a5 12. h4 b5 13. g4 b4 14. axb4 axb4 15. g5 Nd5 16. Be3 b3 17. c3 Ra5 18. h5 Ra2 19. g6 hxg6 20. hxg6 Rxh1 21. gxf7+ Qxf7 22. Rxh1 Ra1+ 23. Qb1 Rxb1+ 24. Kxb1 Nxe3 25. fxe3 Bxf3 26. Bxf3 Qxf3 27. Rc1 g5 28. c4 g4 29. Rc3 Qd1+ 30. Rc1 Qd3+ 31. Ka1 Qxe3 32. Rb1 Qd2 33. Rh1 Kd7 34. c5 dxc5 35. d5 exd5 36. Rb1 Qa5# 0-1

[Event "GER-ch Net Amateur Gr-C Vor2"]
[Site "Playchess.com INT"]
[Date "2020.04.15"]
[Round "8"]
[White "Weckerle, Anatol"]
[Black "Vollenberg, Joerg"]
[Result "1-0"]
[WhiteElo "1360"]
[BlackElo "1706"]
[PlyCount "65"]
[EventDate "2020.04.15"]
[EventType "swiss (blitz)"]
[EventRounds "9"]
[EventCountry "GER"]
[SourceTitle "CBM 196 Extra"]
[Source "ChessBase"]
[SourceDate "2020.07.31"]
[SourceVersion "1"]
[SourceVersionDate "2020.07.31"]
[SourceQuality "1"]

1. c4 e5 2. g3 c6 3. Bg2 Nf6 4. a3 Bc5 5. e3 Na6 6. Nc3 Nc7 7. Nge2 d5 8. b4 Be7 9. cxd5 Nfxd5 10. Bb2 Bd6 11. 0-0 0-0 12. Ne4 Bf5 13. h3 Ne6 14. Nxd6 Qxd6 15. e4 Bg6 16. exd5 cxd5 17. d3 Rad8 18. f4 Qb6+ 19. Kh1 e4 20. f5 Bh5 21. g4 Bxg4 22. hxg4 Ng5 23. d4 Qh6+ 24. Kg1 Qh4 25. Nf4 Rfe8 26. Qe2 Rd6 27. Qf2 Qxg4 28. Ne2 Rh6 29. Ng3 Qh4 30. Qf4 Qh2+ 31. Kf2 e3+ 32. Ke2 Qxg2+ 33. Kd3 1-0

[Event "GER-ch Net Amateur Gr-C Vor1"]
[Site "Playchess.com INT"]
[Date "2020.04.14"]
[Round "3"]
[White "Radeke, Rico"]
[Black "Vollenberg, Joerg"]
[Result "0-1"]
[WhiteElo "1485"]
[BlackElo "1604"]
[PlyCount "76"]
[EventDate "2020.04.14"]
[EventType "swiss (blitz)"]
[EventRounds "9"]
[EventCountry "GER"]
[SourceTitle "CBM 196 Extra"]
[Source "ChessBase"]
[SourceDate "2020.07.31"]
[SourceVersion "1"]
[SourceVersionDate "2020.07.31"]
[SourceQuality "1"]

1. d4 d5 2. c4 e6 3. Nc3 Nf6 4. e3 c6 5. Nf3 dxc4 6. Bxc4 Nd5 7. Nxd5 cxd5 8. Bb5+ Bd7 9. Bxd7+ Qxd7 10. Ne5 Qb5 11. Qd3 Bb4+ 12. Bd2 Bxd2+ 13. Kxd2 Qxb2+ 14. Qc2 Qb4+ 15. Qc3 Qxc3+ 16. Kxc3 Nd7 17. Rab1 b6 18. Rhc1 Nxe5 19. dxe5 0-0 20. Kb4 Rfc8 21. Rc3 Rxc3 22. Kxc3 Rc8+ 23. Kb2 Kf8 24. Rc1 Rc5 25. Rc3 Ke7 26. f4 Kd7 27. g4 Kc6 28. Kb3 a5 29. a4 Rxc3+ 30. Kxc3 Kc5 31. h4 b5 32. f5 b4+ 33. Kb3 d4 34. f6 g6 35. h5 dxe3 36. Kc2 Kd5 37. hxg6 hxg6 38. Kd3 Kxe5 0-1

[Event "GER-ch Net Amateur Gr-C Vor1"]
[Site "Playchess.com INT"]
[Date "2020.04.14"]
[Round "7"]
[White "Vollenberg, Joerg"]
[Black "Kaufmann, Emanuel"]
[Result "1-0"]
[WhiteElo "1729"]
[BlackElo "1699"]
[PlyCount "43"]
[EventDate "2020.04.14"]
[EventType "swiss (blitz)"]
[EventRounds "9"]
[EventCountry "GER"]
[SourceTitle "CBM 196 Extra"]
[Source "ChessBase"]
[SourceDate "2020.07.31"]
[SourceVersion "1"]
[SourceVersionDate "2020.07.31"]
[SourceQuality "1"]

1. e4 e5 2. Nf3 Nc6 3. Bc4 Nf6 4. d3 Bc5 5. Bg5 0-0 6. Nc3 d6 7. Nd5 Bg4 8. h3 Bh5 9. g4 Bg6 10. h4 Qd7 11. Bxf6 Qxg4 12. Ng5 Qxd1+ 13. Rxd1 gxf6 14. Nxf6+ Kg7 15. Nd7 Rfd8 16. Nxc5 dxc5 17. h5 f6 18. Ne6+ Kf7 19. Nxd8+ Ke8 20. Nxc6 bxc6 21. hxg6 hxg6 22. Rh8+ 1-0

[Event "Ruhrgebiet Verbandsklasse Gruppe 1 1718"]
[Site "Germany"]
[Date "2018.04.29"]
[Round "9.6"]
[White "Vollenberg, Joerg"]
[Black "Kreitling, Oliver"]
[Result "1/2-1/2"]
[WhiteElo "1400"]
[BlackElo "1794"]
[PlyCount "67"]
[EventDate "2017.09.17"]
[EventType "team-tourn"]
[EventRounds "9"]
[EventCountry "GER"]
[SourceTitle "EXT 2022"]
[Source "ChessBase"]
[SourceDate "2021.10.06"]
[SourceVersion "1"]
[SourceVersionDate "2021.10.06"]
[SourceQuality "1"]
[WhiteTeam "Eving SV Rochade"]
[BlackTeam "Buer SF"]
[WhiteTeamCountry "GER"]
[BlackTeamCountry "GER"]

1. e4 e5 2. Nf3 Nc6 3. Bc4 Bc5 4. 0-0 Nf6 5. d3 h6 6. Nc3 d6 7. h3 0-0 8. Be3 Bxe3 9. fxe3 Na5 10. Nd2 Nxc4 11. Nxc4 c6 12. Qf3 b5 13. Nd2 Qe7 14. Ne2 Nh7 15. Kh2 Bd7 16. Ng3 g6 17. Rf2 Qh4 18. Ne2 Kg7 19. Raf1 Qe7 20. Ng3 Be6 21. Qe2 a5 22. a3 a4 23. d4 Bd7 24. c4 Rab8 25. Qd3 f6 26. Rc1 b4 27. c5 dxc5 28. Rxc5 Rfd8 29. Qc4 Rb5 30. Rxb5 cxb5 31. Qxb4 Qxb4 32. axb4 Ng5 33. Ne2 Nf7 34. Nc3 1/2-1/2